=LDR 00000nam 2200000 4500 =001 INLIS00000000000102 =005 20260702043538 =020 ##$$a 9786028696388 =082 ##$$a 641.595 =100 1#$$a Kitchen, Great =245 1 $$a Soto Komplit Selera Nusantara /$c Great Kitchen =300 ##$$a 88 ; 12 x 18